00526 2200193 4500001002100000005001700021008004100038020001800079035002500097090001600122100002100138245007600159250001100235260003100246300002000277650001200297850001200309990001100321INLIS00000000000712120150626092232.0  a979-672-366-2 a0010-061500000001242 a634.6 Bad K aBadan Agribisnis aKelayakan Investasi Agribisnis 1cBadan Agribisnis Departemen Pertanian aCet. 2 aYogyakartabKanisiusc1999 a65 hlm.b21 cm. aTanaman aYOPDYOG a730-PK